| 000 | 00680nam a2200241Ia 4500 | ||
|---|---|---|---|
| 003 | OSt | ||
| 005 | 20220918222552.0 | ||
| 006 | a|||||r|||| 00| 0 | ||
| 007 | ta | ||
| 008 | 220917b |||||||| |||| 00| 0 eng d | ||
| 024 | _a217,282 | ||
| 037 | _cTextual | ||
| 040 |
_aARTS _cARTS _beng |
||
| 041 |
_2eng _aeng |
||
| 082 | _aV297:(JB), N9 | ||
| 100 | _aGuha Ramachandra | ||
| 245 | 0 |
_aUnquiet woods _b ecological change and peasant resistance in the Himalaya |
|
| 260 |
_aNew Delhi _bOxford University press _c1999 |
||
| 300 |
_axxii, 244p. _ccm. |
||
| 650 | _aHISTORY | ||
| 942 |
_hV297:(JB), N9 _cTEXL _2CC |
||
| 999 |
_c275869 _d275869 |
||